EU-wide testing for BSE (Record no. 65888)

MARC details
000 -LEADER
fixed length control field 00838cam a2200193 4500
001 - CONTROL NUMBER
control field WB3704-33
008 - FIXED-LENGTH DATA ELEMENTS--GENERAL INFORMATION
fixed length control field 000000n2001 000 0 eng u
035 ## - SYSTEM CONTROL NUMBER
System control number (Sirsi) u110530
245 ## - TITLE STATEMENT
Title EU-wide testing for BSE
260 ## - PUBLICATION, DISTRIBUTION, ETC.
Date of publication, distribution, etc. 2001
490 ## - SERIES STATEMENT
Series statement Western Mail
Volume/sequential designation 23 January 2001, 7(1)
520 ## - SUMMARY, ETC.
Summary, etc. Extra cattle in Britain are being tested for BSE as part of an EU-wide testing programme in response to a reported increase of the disease in Europe. BSE is declining in Britain. MAFF has issued consultation papers prior to measures to bring Britain in line with new EU feed controls. These controls ban the use of processed animal protein feeds until June 2001.
590 ## - LOCAL NOTE (RLIN)
Local note WB
650 ## - SUBJECT ADDED ENTRY--TOPICAL TERM
Topical term or geographic name entry element BSE ERADICATION PROGRAMME
650 ## - SUBJECT ADDED ENTRY--TOPICAL TERM
Topical term or geographic name entry element OVER THIRTY MONTHS SCHEME
650 ## - SUBJECT ADDED ENTRY--TOPICAL TERM
Topical term or geographic name entry element LIVESTOCK FARMING
690 ## - LOCAL SUBJECT ADDED ENTRY--TOPICAL TERM (OCLC, RLIN)
Topical term or geographic name as entry element Rural
9 (RLIN) 6268
942 ## - ADDED ENTRY ELEMENTS (KOHA)
Suppress in OPAC 0
Holdings
Withdrawn status Lost status Source of classification or shelving scheme Damaged status Not for loan Home library Current library Shelving location Date acquired Total Checkouts Full call number Barcode Date last seen Copy number Price effective from Koha item type
    Dewey Decimal Classification     London London News article 25/01/2001   WB3704-33 110530-1001 06/08/2019 1 06/08/2019 News article